000 00514nam a22001932 4500
001 0000009807
005 20151217160123.0
008 081130s xx 000 0 eng d
020 _a0822521288 :
040 _aKABU
_cKABU
100 1 _aJames, Alan.
_@0000161579
245 1 0 _aCastles and mansions /
_cAlan James.
250 _a1st ed.
260 _aMinneapolis :
_bLerner,
_c1989.
300 _a32 p.
852 1 _9p300 KES
908 _a081130
950 _@1
999 _c14569
_d14569